Discographie de Leto - Statistiques

Statistiques générales
  • Ce quiz a été pris 115 fois
  • Le résultat moyen est 20 sur 107
Statistiques - réponses
Feat Trapstar % Correct
Ninho Tes parents
76%
Ninho Macaroni
75%
17%
68%
Tiakola Mapessa
67%
Niskai Nouveaux riches
54%
Trapstar
53%
100 visages
50%
Ninho Avon barksdale
50%
Booba Charbon
43%
A&H
40%
Le Nord
38%
Da uzi Pdv
36%
Cheu-B, Kepler Truc en moi
36%
Sadek Pure
35%
Bonbonne
33%
Maes Derrière nos tours
33%
Tiakola, Naza Kiffe la mode
33%
Mélodie
32%
MHD Christian Dior
31%
Rihanna
31%
Hamza Ouais Ouais
29%
Balmain
28%
Hall à la scène
28%
Jeu dangereux
28%
Jump dans la Porsche
28%
Gazo Dans le noir
26%
Facile
26%
Nicki
26%
Mozart
25%
Ninho 187 mesures
24%
Choses à dire
24%
Espèce
24%
Outro
24%
Trou noir
24%
Crime
22%
Jusqu'à la mort
22%
Petit frère
22%
Sapologue
22%
Tristesse
21%
Rim'k Tu déconnes
21%
Lady gaga
19%
Paris c'est magique
19%
SDM Sur le banc
19%
Soolking T'es allée où?
19%
Sosa
18%
TerrainHoraireBoloss
18%
Tout recommencer
18%
La rue dort ap
17%
Prada
17%
Tout est bon
17%
Koba LaD Immonde
15%
Power
15%
Yeah
15%
Adios
14%
Tiakola, Rsko God Bless
14%
Grosse fumée gros flingue
13%
Jeune soldat
13%
Dinos O.G.
13%
Tu brasses ou tu meurs
13%
All Eyez On Me
11%
Lacrim Big Money
11%
Bitume
11%
Franklin Saint
11%
Mozart Capitaine Jackson
11%
T'avais raison
11%
Trafic
11%
Vibes
11%
Bang
10%
Gangsta
10%
Libérez mes gars
10%
On bégaie pas
10%
Parle en cash
10%
Préjudice
10%
Tchtouchouchou
10%
Guy2Bezbar Trop frais
10%
Pas assez
8%
Si t'es mon poto
8%
Un monde imparfait
8%
Vovo
8%
Détruire et aimer
7%
Jusqu'aux étoiles
7%
Sensationnel
7%
Gang Gang
6%
Koke
6%
Rockstar
6%
Tchapalo
6%
Trafiquants
6%
Koba LaD Barrio
4%
Cupidon
4%
Fly
4%
Gangsta Paradise
4%
Ghetto
4%
Je me demande
4%
Je m'en souviens
4%
Life
4%
Toute épreuve
4%
Ze Pequeno
4%
Guedro remontée
3%
La capitale est sous contrôle
3%
One love
3%
TP1G
3%
Trap House
3%
Décisions
1%
Mais ça va
1%
Franglish Overbooké
1%
P.I.M.P
1%
Jeunes et ambitieurx
0%
Aucun quiz correspondant
Distribution des résultats
% des personnes avec chaque résultat
Percentile par nombre de réponses
Votre historique - résultats
Vous n’avez pas pris ce quiz